Epic: The Musical - Mutiny Part 2 - Statistics

General Stats
  • This quiz has been taken 38 times
  • The average score is 280 of 298
Answer Stats
Hint Answer % Correct
a
100%
an
100%
and
100%
And
100%
are
100%
be
100%
but
100%
ODYSSEUS But
100%
can
100%
can't
100%
close
100%
do
100%
do...
100%
ends...
100%
first
100%
found.
100%
found
100%
friend...
100%
friend.
100%
get
100%
go
100%
God
100%
God...
100%
God!
100%
heavy...
100%
he'll
100%
home,
100%
home
100%
home...
100%
home!
100%
hunger
100%
CREW Hunger
100%
I
100%
if
100%
EURYLOCHUS I'm
100%
is
100%
island,
100%
island
100%
it
100%
kill
100%
know
100%
knows
100%
me
100%
My
100%
my
100%
EURYLOCHUS -my
100%
need
100%
no!
100%
of
100%
one
100%
send?
100%
send!?
100%
so
100%
Sun.
100%
Sun
100%
the
100%
The
100%
they
100%
think
100%
This
100%
this
100%
this...
100%
this,
100%
this?
100%
to
100%
we?
100%
we
100%
ODYSSEUS We
100%
we're
100%
were
100%
ODYSSEUS We're
100%
what
100%
Where
100%
where
100%
who
100%
you
100%
ODYSSEUS You
100%
about
95%
about-
95%
all
95%
all,
95%
cows.
95%
cows
95%
cow's
95%
Don't
95%
don't
95%
eat...
95%
ODYSSEUS Eurylochus...
95%
ODYSSEUS Eurylochus!
95%
Eurylochus,
95%
friends...
95%
God's
95%
gonna
95%
head...
95%
his
95%
It's
95%
it's
95%
Just
95%
just
95%
late...
95%
longer
95%
make
95%
never
95%
now?
95%
now!
95%
now
95%
EURYLOCHUS Ody,
95%
ODYSSEUS Please
95%
statue...
95%
tell
95%
that
95%
that's
95%
these
95%
These
95%
too
95%
true...
95%
true.
95%
us
95%
us...
95%
with
95%
you'll
95%
your
95%
you're
95%
allow!
90%
arms
90%
away
90%
begging
90%
cattle,
90%
die
90%
ODYSSEUS | ODYSSUES Faster!
90%
from,
90%
from
90%
EURY + CREW | EURYLOCHUS How
90%
man...
90%
meat...
90%
much
90%
EURYLOCHUS Some
90%
starving,
90%
strength
90%
suffer
90%
them
90%
we've
90%
when
90%
You've
90%
ahead!
86%
bursting
86%
EURYLOCHUS Captain?
86%
doomed
86%
CREW Full
86%
Grab
86%
immortal,
86%
like
86%
must
86%
off,
86%
speed
86%
tired,
86%
around,
81%
in
81%
life
81%
pissed
81%
hunt...
76%
roaming
76%
front...
71%
here's
71%
Right
71%
doubt?
67%
oar
67%
people
67%
push
67%
ODYSSEUS Reconsider!
67%
through
67%
ODYSSEUS Agh...
57%
EURY + CREW -our
57%
Woah...
57%
lives
52%
No matching quizzes found
Score Distribution
Percent of People with Each Score
Percentile by Number Answered
Your Score History
You have not taken this quiz